Príklad spoločenskej zodpovednosti v marketingu

Spoločensky zodpovedný marketing. Získavanie zákazníka, pôsobenie na emócie, dodržiavanie etických zásad. Ukážky marketingových kampaní s prvkami spoločenskej zodpovednosti: „Školenie bezpečnosti na cestách“ a výstava „Krajina nádeje“.

Guardado en:
Detalles Bibliográficos
Autor principal: Majtán, Štefan
Formato: Capítulo de libro
Lenguaje:eslovaco
Materias:
Etiquetas: Agregar Etiqueta
Sin Etiquetas, Sea el primero en etiquetar este registro!

MARC

LEADER 00000nla a2200000 4500
001 0186618
005 20240522130856.5
041 0 |a slo 
044 |a SK 
245 1 0 |a Príklad spoločenskej zodpovednosti v marketingu  |c Štefan Majtán 
520 |a Spoločensky zodpovedný marketing. Získavanie zákazníka, pôsobenie na emócie, dodržiavanie etických zásad. Ukážky marketingových kampaní s prvkami spoločenskej zodpovednosti: „Školenie bezpečnosti na cestách“ a výstava „Krajina nádeje“. 
610 2 0 |a marketing 
610 2 0 |a komunikácia marketingová 
610 2 0 |a stratégia marketingová 
610 2 0 |a zodpovednosť spoločenská 
610 2 0 |a etika 
610 2 0 |a emócie 
610 2 0 |a zákazníci 
610 2 0 |a firmy 
100 1 |a Majtán, Štefan